00767nam a2200229 a 4500001001000000003000900010005001700019008004100036040002500077082003000102100002600132245004700158250001200205260004200217300002000259650002000279710004500299910003800344942001400382952012400396999001700520000026998DO-SdBNP20250714091949.0110328s1983 dr 001 0 spa d aDO-SdBNPbspacBNPHU 4a320.5315bB734s, 19832221 aBorja, Rodrigo95409710aSocialismo democrático /cRodrigo Borja. a2ª ed. aSanto Domingo :bAlfa y Omega,c1983. a90 p. ;c18 cm. 0aSocialismo92872 aPartido Revolucionario Dominicano.92629 aValidado. Control de calidad EMS. 2ddccLBS1 0010718PDaPDbPDcHDd2011-03-28iLF1l0o320.5315 B734s, 1983p26998-10r2020-06-25w2020-06-25yLFPDZNo se presta c26490d26490